000 00737nam a2200289Ia 4500
005 20260324113021.0
008 008 260324s9999 xx 000 0 eng d
020 _a9781003432067
037 _aEBOOK
040 _aCRL
040 _beng
040 _cCRL
041 _2eng
041 _aeng
084 _qCRL
100 _aJosé Carlos Petronilho; Kenier Castillo
_91145083
245 2 _aA First Course on Orthogonal Polynomials
245 0 _bClassical Orthogonal Polynomials and Related Topics
260 _bTaylor and Francis
260 _c2024
365 _a
365 _b195
856 _uhttp://www.taylorfrancis.com/books/9781003432067
942 _cEBOOK
999 _c1734506
_d1734506